| 000 | 00470nam a2200205Ia 4500 | ||
|---|---|---|---|
| 999 |
_c4053 _d4053 |
||
| 003 | 0100 | ||
| 008 | 130227s9999 xx 000 0 und d | ||
| 020 | _a1853830372 | ||
| 040 | _cARRUPELIB | ||
| 050 | _aDT282.F313 | ||
| 100 |
_aFanon, Frantz _931733 |
||
| 245 | _aStudies in a dying colonialism | ||
| 260 |
_bEarthscan Publications _aLondon _c1969 |
||
| 300 | _a181p | ||
| 300 | _b 20cm | ||
| 650 |
_bWomen _zAlgeria _931736 |
||
| 650 |
_bAlgeria _xSocial conditions _931734 |
||
| 650 |
_bAlgeria _xHistory _xRevolution _xSocial aspects; _y1954-1962 _931737 |
||
| 942 |
_2lcc _01 _cMONOGRAPH |
||